Polycycklické aromatické uhľovodíky (PAH) – výskyt v riečnych tokoch a možnosti ich odstránenia biologickými postupmi
Guardado en:
| Autor principal: | |
|---|---|
| Otros Autores: | |
| Formato: | Manuscrito Libro |
| Lenguaje: | eslovaco |
| Publicado: |
2015
|
| Materias: | |
| Acceso en línea: | http://is.stuba.sk/zp/portal_zp.pl?podrobnosti=101136 |
| Etiquetas: |
Sin Etiquetas, Sea el primero en etiquetar este registro!
|
MARC
| LEADER | 00000ntm a22000003a 4500 | ||
|---|---|---|---|
| 001 | stuzp52598 | ||
| 003 | SK-STU | ||
| 005 | 20160719154225.3 | ||
| 007 | ta | ||
| 008 | 150427s2015----xo-----f-mn---000-0-slo-d | ||
| 040 | |a STU |b slo | ||
| 041 | 0 | |a slo | |
| 100 | 1 | |a Konečná, Ivana |u 044310 |4 aut |U FCHPT Ústav biotechnológie a potravinárstva |T FCHPT Oddelenie biochemickej technológie |X 60046 |U C4310 |Y 116 |7 60046 | |
| 242 | 0 | 1 | |a Polycyclic Aromatic Hydrocarbons (PAH) - Presence in Rivers and Possibilities of Their Biodegradation |y eng |
| 245 | 1 | 0 | |a Polycycklické aromatické uhľovodíky (PAH) – výskyt v riečnych tokoch a možnosti ich odstránenia biologickými postupmi |
| 260 | |c 2015 | ||
| 650 | 4 | |a Achromobacter xylosoxidans |2 slo | |
| 650 | 4 | |a bioremediácia |2 slo | |
| 650 | 4 | |a monitorovanie vo vodách |2 slo | |
| 650 | 4 | |a polycyklické aromatické uhľovodíky |2 slo | |
| 650 | 4 | |a Stenotrophomonas maltophilia |2 slo | |
| 650 | 4 | |a Achromobacter xylosoxidans |2 eng | |
| 650 | 4 | |a bioremediation |2 eng | |
| 650 | 4 | |a monitoring in water |2 eng | |
| 650 | 4 | |a polycyclic aromatic hydrocarbons |2 eng | |
| 650 | 4 | |a Stenotrophomonas maltophilia |2 eng | |
| 700 | 1 | |a Dercová, Katarína |4 ths |X 3334 |7 A000003334 | |
| 856 | 4 | |u http://is.stuba.sk/zp/portal_zp.pl?podrobnosti=101136 | |
| SQL | |a stuzp52598 |b DBP |c SLO |d Polycycklické aromatické uhľovodíky (PAH) – výskyt v riečnych tokoch a možnosti ich odstránenia biologickými postupmi |e 60046 |f Konečná, Ivana |g 044310 |h 3334 |i Dercová, Katarína |j 20150714 |k 752 |l 04 |m http://is.stuba.sk/zp/portal_zp.pl?podrobnosti=101136 |n B-BIOPOT |o 5.2.25. biotechnológie | ||